Mummy Dust lyrics Ghost - Statistics

General Stats
  • This quiz has been taken 64 times
  • The average score is 115 of 157
Answer Stats
Answer % Correct
I
100%
Dust
94%
dust
94%
was
94%
a
91%
corrupt
88%
mummy
88%
on
88%
to
88%
you
88%
You
88%
back
84%
carried
84%
In
84%
in
84%
My
81%
my
81%
wolf's
81%
God
78%
humanity
78%
trust
78%
the
75%
will
72%
and
63%
it
63%
we
59%
greed
56%
I'm
56%
of
56%
with
56%
your
56%
choke
53%
corpulence
53%
Earth
53%
feel
53%
riches
53%
ruler
53%
thrust
53%
divine
50%
opulence
50%
smother
50%
sordid
50%
'Til
50%
are
47%
avarice
47%
feed
47%
for
47%
I'll
47%
just
47%
magnet
47%
mirth
47%
possessee
47%
stupidity
47%
treasures
47%
You're
47%
crapulence
44%
cupidity
44%
incapacity
44%
lust
44%
purulence
44%
this
44%
cavalier
41%
murder
41%
rapacity
41%
feast
38%
From
28%
surrounded
25%
plummel
6%
No matching quizzes found
Score Distribution
Percent of People with Each Score
Percentile by Number Answered
Your Score History
You have not taken this quiz